Stan Countries - Speedrun - Statistics

General Stats
  • This quiz has been taken 15 times
  • The average score is 4 of 7
Answer Stats
Answer % Correct
Pakistan
82%
Kazakhstan
73%
Afghanistan
55%
Tajikistan
55%
Uzbekistan
55%
Kyrgyzstan
45%
Turkmenistan
45%
No matching quizzes found
Score Distribution
Percent of People with Each Score
Percentile by Number Answered
Your Score History
You have not taken this quiz